|
|
|
|
| LEADER |
00000nam a2200000 a 4500 |
| 001 |
vtls011590407 |
| 003 |
SK-MaSNL |
| 005 |
20260301181956.0 |
| 008 |
240318s2014 xo odb g 000 0 eng |
| 015 |
|
|
|a SNBA2016/11
|
| 020 |
|
|
|a 9788097164706
|q (brož.)
|
| 035 |
|
|
|a B6E37A4C-58C1-40DC-AD6F-6208362C66F3
|
| 035 |
|
|
|a urn:nbn:sk:snk-amycg2
|
| 035 |
|
|
|a urn:nbn:sk:snk-am00ch1o
|
| 040 |
|
|
|a SNK
|b slo
|c SNK
|e AACR2
|
| 041 |
1 |
|
|a eng
|h slo
|
| 043 |
|
|
|a e-xo---
|
| 044 |
|
|
|a xo
|c SK
|
| 072 |
|
7 |
|a 913(437)
|x Geografia Česka a Slovenska, reálie, cestovanie
|2 konspekt
|
| 080 |
|
|
|a 929
|2 2011
|
| 080 |
|
|
|a 502.2
|2 2011
|
| 080 |
|
|
|a 72:904
|2 2011
|
| 080 |
|
|
|a 908(437.6)
|2 2011
|
| 080 |
|
|
|a 94(437.6)
|2 2011
|
| 080 |
|
|
|a (036)
|2 2011
|
| 100 |
1 |
|
|a Kollár, Daniel,
|d 1963-
|4 aut
|9 99818
|
| 245 |
1 |
0 |
|a Slovakia
|c Daniel Kollár ; [translation: Hana Contrerasová ; photographs: Pavol Bella ... [et al.]]
|
| 260 |
|
|
|a [Bratislava]
|b Zuzana Kollárová - ZUKO
|c 2014
|
| 300 |
|
|
|a [37] s.
|b fareb. fotogr., grafy, mp.
|c 15 x 21 cm
|
| 500 |
|
|
|a Miesto vyd. podľa ISBN
|
| 500 |
|
|
|a Názov z obalu
|
| 500 |
|
|
|a Pravdepodobne preložené zo slovenčiny
|
| 650 |
0 |
7 |
|a osobnosti
|2 SNKPH
|9 29820
|
| 650 |
0 |
7 |
|a Celebrities
|2 SNKPHeng
|9 265203
|
| 650 |
0 |
7 |
|a architektonické pamiatky
|2 SNKPH
|9 28990
|
| 650 |
0 |
7 |
|a Architectural monuments
|2 SNKPHeng
|9 279148
|
| 651 |
|
7 |
|a Slovensko
|x dejiny
|2 SNKPH
|9 13278
|
| 651 |
|
7 |
|a Slovakia
|x history
|2 SNKPHeng
|9 266841
|
| 651 |
|
7 |
|a Slovensko
|x prírodné pomery
|2 SNKPH
|9 348176
|
| 651 |
|
7 |
|a Slovakia
|x natural conditions
|2 SNKPHeng
|9 348177
|
| 651 |
|
7 |
|a Slovensko
|x reálie
|2 SNKPH
|9 275458
|
| 651 |
|
7 |
|a Slovakia
|x history and geography
|2 SNKPHeng
|9 265826
|
| 655 |
|
7 |
|a informačné publikácie
|2 SNKPH
|9 70181
|
| 655 |
|
7 |
|a Information publications
|2 SNKPHeng
|9 265188
|
| 700 |
1 |
|
|a Contrerasová, Hana,
|d 1945-
|4 trl
|9 89456
|
| 700 |
1 |
|
|a Bella, Pavol
|4 pht
|9 285570
|
| 919 |
|
|
|a 978-80-971647-0-6
|
| 958 |
|
|
|a OP
|
| 968 |
|
|
|a Eng
|b SLO
|
| 999 |
|
|
|c 852003
|d 853933
|
| 952 |
|
|
|a SNK
|b SNK
|y PREZ
|7 0
|p 17A1217333
|o snkSE 13285
|i snk2016/25768
|8 0
|0 0
|1 0
|4 0
|d 2016-11-03
|f 1
|l 0
|r 2026-02-24 04:45:01
|w 2026-02-24
|